Si me muestra tu fe No hay que ver para creer (Registro nro. 15163)
[ vista simple ]
| 000 -LEADER | |
|---|---|
| fixed length control field | 00502 a2200181 4500 |
| 020 ## - INTERNATIONAL STANDARD BOOK NUMBER | |
| International Standard Book Number | 978-9945-9519-2-9 |
| 041 ## - LANGUAGE CODE | |
| Language code of text/sound track or separate title | Español |
| 100 1# - MAIN ENTRY--PERSONAL NAME | |
| Personal name | Reyes, Faustino |
| 245 10 - TITLE STATEMENT | |
| Title | Si me muestra tu fe No hay que ver para creer |
| 260 ## - PUBLICATION, DISTRIBUTION, ETC. (IMPRINT) | |
| Name of publisher, distributor, etc. | Publicaciones Gente de Valores |
| Date of publication, distribution, etc. | 2025-06-14 |
| 250 ## - EDITION STATEMENT | |
| Edition statement | 1 edición |
| 300 ## - PHYSICAL DESCRIPTION | |
| Extent | 90 páginas |
| 500 ## - GENERAL NOTE | |
| General note | Tamaño: 5.5x8.5cm. |
| 500 ## - GENERAL NOTE | |
| General note | Precio: $400 |
| 500 ## - GENERAL NOTE | |
| General note | Encuadernación: Tapa blanda o rústica |
| 500 ## - GENERAL NOTE | |
| General note | Soporte: Impreso |
| 650 #0 - SUBJECT ADDED ENTRY--TOPICAL TERM | |
| Topical term or geographic name as entry element | Religión |
No hay ítems disponibles.